LEADER 01019nam 2200373 450 001 990000876960203316 010 $a88-0440781-6 035 $a0087696 035 $aUSA010087696 035 $a(ALEPH)000087696USA01 035 $a0087696 100 $a20020116d1996----km-y0itay0103----ba 101 $aita 102 $aIT 105 $a||||||||001yy 200 1 $aOsservare il bambino$fDesmond Morris$g[traduzione Luciana Crepax] 210 $aMilano$cA. Mondadori$d1996 215 $a144 p$cill.$d26 cm 312 $aBabywatching 410 $12001 454 $12001$aBabywatching$943439 606 0 $aPsicologia infantile 676 $a155.422 700 1$aMORRIS,$bDesmond$032386 801 0$aIT$bsalbc$gISBD 912 $a990000876960203316 951 $aVI C 2493$b130275 LM$cVI C 959 $aBK 969 $aUMA 979 $aPATTY$b90$c20020116$lUSA01$h1042 979 $c20020403$lUSA01$h1732 979 $aPATRY$b90$c20040406$lUSA01$h1700 996 $aBabywatching$943439 997 $aUNISA LEADER 00762nam0-22002891i-450- 001 990000283820403321 005 20001010 035 $a000028382 035 $aFED01000028382 035 $a(Aleph)000028382FED01 035 $a000028382 100 $a20001010d--------km-y0itay50------ba 101 0 $aita 105 $ay-------001yy 200 1 $aGradient Index Optics.$fErich W. Marchand. 210 $aNew York$cAcademic Press$d1978 215 $aX,166 p., ill., 24 cm 676 $a681 700 1$aMarchand,$bErich W.$014841 801 0$aIT$bUNINA$gRICA$2UNIMARC 901 $aBK 912 $a990000283820403321 952 $a04 044-112$bIRC 1287/L$fDINCH 959 $aDINCH 996 $aGradient Index Optics$9119158 997 $aUNINA DB $aING01 LEADER 02388nam 2200529 a 450 001 9910457407703321 005 20200520144314.0 010 $a1-283-31197-6 010 $a9786613311979 010 $a0-309-21988-4 035 $a(CKB)2550000000058014 035 $a(EBL)3378897 035 $a(SSID)ssj0000644696 035 $a(PQKBManifestationID)11429208 035 $a(PQKBTitleCode)TC0000644696 035 $a(PQKBWorkID)10680275 035 $a(PQKB)10133361 035 $a(MiAaPQ)EBC3378897 035 $a(Au-PeEL)EBL3378897 035 $a(CaPaEBR)ebr10506523 035 $a(CaONFJC)MIL331197 035 $a(OCoLC)923284656 035 $a(EXLCZ)992550000000058014 100 $a20111205d2011 uy 0 101 0 $aeng 135 $aurcn||||||||| 181 $ctxt 182 $cc 183 $acr 200 10$aAcute exposure guideline levels for selected airborne chemicals$hVolume 10$b[electronic resource] /$fCommittee on Acute Exposure Guideline Levels, Committee on Toxicology, Board on Environmental Studies and Toxicology, Division on Earth and Life Studies, National Research Council of the National Academies 210 $aWashington, D.C. $cNational Academies Press$d2011 215 $a1 online resource (323 p.) 300 $aDescription based upon print version of record. 311 $a0-309-21987-6 320 $aIncludes bibliographical references. 327 $a""Front Matter""; ""Preface""; ""Dedication""; ""Contents""; ""Acute Exposure Guideline Levels for Selected Airborne Chemicals--Volume 10""; ""National Research Council Committee Review of Acute Exposure Guideline Levels of Selected Airborne Chemicals""; ""Roster of the National Advisory Committee for Acute Exposure Guideline Levels for Hazardous Substances""; ""Appendixes""; ""1 N,N-Dimethylformamide""; ""2 Jet Propellant Fuels 5 and 8""; ""3 Methyl Ethyl Ketone""; ""4 Perchloromethyl Mercaptan""; ""5 Phosphorus Oxychloride""; ""6 Phosphorus Trichloride""; ""7 Sulfuryl Chloride"" 606 $aGases, Asphyxiating and poisonous 608 $aElectronic books. 615 0$aGases, Asphyxiating and poisonous. 676 $a615.91 801 0$bMiAaPQ 801 1$bMiAaPQ 801 2$bMiAaPQ 906 $aBOOK 912 $a9910457407703321 996 $aAcute exposure guideline levels for selected airborne chemicals$91914293 997 $aUNINA